230 modèles de ferronnerie Lampadaires, lustres, appliques guéridons, portes, pots de fleurs, ornements d'église

Enregistré dans:
Détails bibliographiques
Auteur principal: George Surnom
Format: Livre
Langue:Undetermined
Publié: Paris Eyrolles 1968
Sujets:
Tags: Ajouter un tag
Pas de tags, Soyez le premier à ajouter un tag!
Thư viện lưu trữ: Trung tâm Học liệu Trường Đại học Cần Thơ
LEADER 00544nam a2200181Ia 4500
001 CTU_9583
008 210402s9999 xx 000 0 und d
082 |a 739 
082 |b S961 
100 |a George Surnom 
245 0 |a 230 modèles de ferronnerie 
245 0 |b Lampadaires, lustres, appliques guéridons, portes, pots de fleurs, ornements d'église 
245 0 |c George Surnom 
260 |a Paris 
260 |b Eyrolles 
260 |c 1968 
650 |a architectural metal-work 
980 |a Trung tâm Học liệu Trường Đại học Cần Thơ